000 00221nam a22000857a 4500
999 _c7085
_d7085
008 170626b xxu||||| |||| 00| 0 eng d
020 _a9788124307038
100 _93670
_aParekh. J. N
245 _aWonderful party Snacks
260 _aNew Delhi
_bNavneet
_c2006